000 00383nam a2200133Ia 4500
008 151001s9999||||xx |||||||||||||| ||und||
100 _aवाणप्रस्थी प्राणनाथ
245 _aश्यामप्रसाद मुखर्जी
250 _a1
260 _bशिक्षा भारती
260 _c1980
300 _a44
365 _b18
999 _c961958
_d961955